000 01472nam a2200325 4500
003 EG-GICUC
005 20260121101218.0
008 251113s2009 ua ||||fr|||| 00| 0 ara d
017 _a20092143
020 _a9789770459292
040 _a EG-GICUC
_bara
_c EG-GICUC
_d EG-GICUC
_erda
041 0 _aara
082 0 4 _221
_a341.851
_bع ب . ق
092 0 4 _221
099 _aLaw1 12 341.851 ع ب . ق 2009
100 0 _aعبدالمنعم زمزم
_eمؤلف.
245 1 0 _aقانون التحكيم الإلكترونى :
_bدراسة مقارنة لقواعد جمعية التحكيم الامريكية وتنظيم محكمة الفضاء فى ضوء المبادئ العامة للتحكيم التقليدى /
_cعبدالمنعم زمزم.
264 1 _aالقاهرة :
_bدار النهضة العربية،
_c2009.
300 _a478 ؛صفحة
_c24 سم
_bإيضاحيات، صور، مثيليات ؛
336 _2rda content
_atext
337 _2rda media
_aComputer
338 _2rda carrier
_aOnline Resource
504 _aيحتوي على ارجاعات ببليوجرافية يحتوي على قائمة بالمراجع
546 _aالنص أغلبه باللغة العربية بعض النصوص الإنجليزية والفرنسية
650 1 _aالتحكيم - قانون دولي
_2qrmak
651 1 _2qrmak
856 4 0 _uhttps://fll.law.cu.edu.eg/fulltext/bks/B12-00895.pdf
905 _a75
_eYara
942 _2ddc
_n0
_cBK
_e21
999 _c43075
_d43075